[Event "4NCL 2021-22"]
[Site "England"]
[Date "2022.02.13"]
[Round "4.9"]
[White "Clarke, Brandon G I"]
[Black "Franklin, Samuel G A"]
[Result "1-0"]
[WhiteElo "2430"]
[BlackElo "2335"]
[Annotator "TA"]
[PlyCount "117"]
[EventDate "2021.11.27"]
[EventType "team-tourn"]
[EventCountry "ENG"]
[SourceTitle "playchess.com"]
[Source "ChessBase"]
[SourceQuality "1"]

{[%evp 29,117,8,8,0,0,11,42,52,62,66,50,58,87,90,90,82,90,89,88,86,79,84,83,80,112,104,131,137,139,129,135,139,144,127,142,143,141,148,143,136,145,137,194,186,164,153,223,206,250,215,201,206,214,212,206,204,190,150,228,202,202,191,227,190,308,289,324,336,493,493,605,603,593,588,618,591,587,570,547,551,543,514,2172,2093,1244,1420,962,922,29986,29985]} 1. e4 e5 2. Nf3 Nc6 3. Bb5 a6 4. Ba4 Nf6 5. O-O Be7 6. Re1 b5 7. Bb3 d6 8. c3 O-O 9. h3 Nb8 10. d4 Nbd7 11. Nbd2 {[%cal Bb1d2,Bd2f1,Bf1g3,Bg3e4,Be4f6][%mdl 32]} Bb7 12. Bc2 Re8 13. Nf1 Bf8 14. Ng3 g6 15. Bd2 Bg7 16. Qc1 {C95: Closed Ruy Lopez: Breyer Variation with 10 d4.} d5 17. Bg5 {With the idea Nxe5.} dxe4 18. Bxe4 {White is slightly better.} Bxe4 19. Nxe4 {Threatens to win with dxe5.} exd4 {[#]} 20. cxd4 Qc8 (20... Ra7 21. Ne5) 21. Nxf6+ Nxf6 {[#]} 22. Qc6 $146 ({Predecessor:} 22. Rxe8+ Nxe8 23. Qc6 Nd6 24. Re1 Qb7 25. Qxb7 Nxb7 26. Rc1 Rc8 27. Rc6 Nd8 28. Rxa6 {1-0 (68) Spassky,B-Antoshin,V Sochi 1965}) 22... Qd7 {[#]} 23. Rxe8+ Rxe8 24. Rc1 {[%cal Ba1c1,Bc1c6,Bc6a6,Ba6a5][%mdl 32]} Qxc6 25. Rxc6 Nd5 26. Rxa6 h6 27. Bd2 Kh7 28. Ra5 c6 29. Ra7 Kg8 30. Kf1 g5 31. a3 Re4 32. Ra8+ Kh7 {[#]} 33. Bxg5 $1 {[%mdl 512]} Bxd4 34. Bc1 Bg7 35. b3 {Inhibits Rc4.} Re6 (35... Bc3 $16 {is a better defense.} 36. Rd8 Re6) 36. Ra7 $18 Kg8 37. Bd2 Re4 (37... Bc3 $16 38. Ra8+ Kh7 39. Bxc3 Nxc3) 38. Ra6 Re6 39. g4 Nc7 40. Rb6 Nd5 41. Rb8+ Kh7 42. Rb7 Kg8 43. Nh4 Bc3 (43... Bf6 $16) 44. Bxc3 Nxc3 {[%mdl 4096] Endgame KRN-KRN} 45. Nf5 Ne4 46. Rd7 {To avoid Nd2+} c5 (46... h5 {was worth a try.} 47. b4 (47. gxh5 Rf6 $16) 47... hxg4) 47. f3 Ng5 48. Kg2 Ra6 (48... Re2+ $142 49. Kg3 h5 50. gxh5 Re1) 49. h4 Ne6 50. Nxh6+ Kf8 51. Nxf7 Rxa3 52. Ng5 Nf4+ 53. Kg3 {Threatening mate with Nh7+.} Ne2+ 54. Kf2 {Strongly threatening Nh7+.} Nd4 55. h5 {[%cal Bh4h5,Bh5h6,Bh6h7][%mdl 32] Black must now prevent Nh7+.} Rxb3 (55... Ra2+ $142 56. Kg3 Ne2+ 57. Kh4 Nd4) 56. h6 {Intending h7 and mate.} Rb2+ 57. Kg3 Ne2+ 58. Kh4 {White threatens h7 and mate.} Rb1 59. h7 {Weighted Error Value: White=0.05 (flawless) /Black=0.37} 1-0

[Event "4NCL 2021-22"]
[Site "England"]
[Date "2022.02.13"]
[Round "4.10"]
[White "Jackson, James P"]
[Black "Wadsworth, Matthew J"]
[Result "1/2-1/2"]
[WhiteElo "2407"]
[BlackElo "2435"]
[Annotator "TA"]
[PlyCount "97"]
[EventDate "2021.11.27"]
[EventType "team-tourn"]
[EventCountry "ENG"]
[SourceTitle "playchess.com"]
[Source "ChessBase"]
[SourceQuality "1"]

{[%evp 11,97,0,10,0,33,8,20,9,30,25,24,22,43,33,37,9,23,7,10,-15,-10,-12,0,0,9,6,4,0,0,0,0,0,3,0,0,0,0,0,0,0,0,0,0,-8,-8,-9,-8,-20,-25,-42,-41,-66,-63,-65,-37,-74,-8,-8,-8,-8,-8,-8,-8,-8,-8,-8,0,-14,-14,-33,-34,-48,-8,-8,-8,-8,-8,-8,-8,-8,-8,-8,-8,-8,-8,-8,-8,-8]} 1. d4 d5 2. c4 c6 3. Nf3 Nf6 4. Nc3 a6 5. a4 e6 6. Bg5 Be7 7. e3 {D15: Slav Defence: 4 Nc3 a6 and gambit lines after 4 Nc3 dxc4.} h6 8. Bh4 O-O 9. Be2 dxc4 {[#]} 10. Ne5 $146 ({Predecessor:} 10. Bxc4 c5 11. Qe2 Nc6 12. dxc5 Qa5 13. O-O Qxc5 14. e4 e5 15. Bxf6 Bxf6 16. Nd5 {0-1 (40) Garabetyan,A (2066)-Ozturk,E (2190) Konya 2011}) 10... c5 11. dxc5 Qxd1+ 12. Rxd1 {[%cal Oc3e4]} Bxc5 {[%cal Ob7b5]} 13. Bf3 Ra7 {[%cal Ob7b5]} 14. Nxc4 b5 15. Ne5 bxa4 16. Nd3 {Inhibits Bb4.} Be7 17. Nxa4 Bb7 18. Ke2 Bxf3+ 19. Kxf3 Nc6 20. Rc1 Rd8 {[%cal Og7g5]} 21. Ke2 Nb4 22. Nxb4 Bxb4 23. Rhd1 {Inhibits Rd2+.} Rxd1 24. Rxd1 Rc7 25. Bxf6 gxf6 $11 {[%mdl 4096] Endgame KRB-KRN} 26. Kd3 Rc6 27. b3 f5 28. Rb1 Kg7 29. Rb2 e5 30. f3 Kg6 31. g3 h5 32. e4 Kg5 33. Rf2 h4 (33... Rd6+ $17 34. Kc2 fxe4 35. fxe4 f6) 34. f4+ exf4 35. Rxf4 fxe4+ 36. Kxe4 hxg3 37. hxg3 f6 38. Nb2 Be1 39. Nc4 Bxg3 40. Rf5+ Kg6 {[#] ...Re6+ is the strong threat.} 41. Rf1 {And now Rg1 would win.} Rc5 42. Ra1 {The position is equal.} Rb5 43. Rxa6 Rxb3 44. Ra3 f5+ 45. Kd5 Rxa3 46. Nxa3 Kg5 47. Nb5 Kg4 48. Nd4 f4 49. Ke4 {Weighted Error Value: White=0.07 (flawless) /Black=0.07 (flawless)} 1/2-1/2

[Event "4NCL 2021-22"]
[Site "England"]
[Date "2022.02.13"]
[Round "4.11"]
[White "Hebden, Mark L"]
[Black "Cox, John J"]
[Result "1-0"]
[WhiteElo "2455"]
[BlackElo "2319"]
[Annotator "TA"]
[PlyCount "59"]
[EventDate "2021.11.27"]
[EventType "team-tourn"]
[EventCountry "ENG"]
[SourceTitle "playchess.com"]
[Source "ChessBase"]
[SourceQuality "1"]

{[%evp 13,59,12,26,12,20,19,30,0,0,0,0,0,0,0,19,27,25,26,42,24,25,39,58,70,67,30,39,13,68,68,63,77,80,45,82,9,222,228,214,230,343,311,414,420,425,411,587,568]} 1. d4 Nf6 2. Nf3 e6 3. Bg5 d5 4. c4 h6 5. Bxf6 Qxf6 6. Nc3 c6 7. e3 g6 8. Be2 {[%cal Bf1e2,Be2c4,Bc4b3,Bb3a2][%mdl 32] D43: Semi-Slav: 5 Bg5 h6.} Bg7 9. O-O O-O 10. Qc2 {White has an edge.} Nd7 11. Rad1 Qe7 12. Rfe1 dxc4 13. Bxc4 Nb6 14. Bb3 {[#]} Nd5 $146 ({Predecessor:} 14... c5 15. a4 c4 16. Ba2 Qb4 17. b3 Bd7 18. Rb1 cxb3 19. Qxb3 Qa5 20. Nd2 Rfc8 {0-1 (89) Cebalo,M (2486)-Fridman,D (2592) Bastia 2003}) 15. Na4 Rd8 16. a3 Bd7 17. e4 Nb6 18. Nc5 Be8 19. Ba2 Rab8 20. b4 Nd7 ({Black should try} 20... a5 $11) 21. d5 $1 $14 {White is much more active.} Nxc5 22. bxc5 cxd5 23. exd5 {[%cal Be4d5,Bd5d6][%mdl 32]} Rbc8 24. Rc1 (24. dxe6 $16 Rxd1 25. exf7+ (25. Qxd1 f5 $11) 25... Bxf7 26. Qxd1 (26. Rxd1 Bxa2 27. Qxa2+ Kh7 $11)) 24... e5 $2 {[#] A mistake that costs the game.} (24... Kh7 $11) 25. d6 $18 Qf6 {[%cal Od8d6]} 26. Rxe5 Bc6 (26... Kf8 {keeps fighting.} 27. Rxe8+ Kxe8) 27. Re7 Rf8 28. Ne5 Qg5 {[%csl Gc6][%cal Rg5g2] [#]} 29. Nxc6 Rxc6 (29... bxc6 $142 30. Rb1 Bf6 31. Rxa7 Qf5 32. Qxf5 gxf5) 30. h4 {Weighted Error Value: White=0.13 (very precise) /Black=0.43} 1-0

[Event "4NCL 2021-22"]
[Site "England"]
[Date "2022.02.13"]
[Round "4.12"]
[White "Taylor, Martin R"]
[Black "Kilpatrick, Callum"]
[Result "1/2-1/2"]
[WhiteElo "2343"]
[BlackElo "2409"]
[Annotator "TA"]
[PlyCount "93"]
[EventDate "2021.11.27"]
[EventType "team-tourn"]
[EventCountry "ENG"]
[SourceTitle "playchess.com"]
[Source "ChessBase"]
[SourceQuality "1"]

{[%evp 16,93,-6,-4,0,0,0,2,7,-12,-7,-24,-19,-40,-33,-32,0,-1,-8,-25,-24,-22,-22,-31,-23,-18,-9,-7,-12,-8,0,0,0,0,0,-36,-35,-40,-37,-41,-22,-25,-22,-27,-24,-37,-25,-31,-31,-43,-16,-22,-11,-12,-11,-11,-4,-11,0,0,0,0,0,0,0,0,0,0,0,0,0,0,0,0,0,0,0,0,0,0]} 1. e4 e5 2. Nf3 Nc6 3. Bb5 Nf6 4. O-O {[%cal Bh1f1,Bf1e1,Be1e5][%mdl 32]} Nxe4 5. Re1 Nd6 6. Nxe5 Be7 7. Bd3 Nxe5 $1 {The main line 7...Nxe5 scores better than 7...0-0.} 8. Rxe5 O-O 9. Nc3 {[%cal Bb1c3,Bc3d5,Bd5e3,Be3c4,Bc4e5][%mdl 32]} Ne8 {C67: Ruy Lopez: Berlin Defence: 4 0-0 Nxe4.} 10. Nd5 Bd6 11. Re1 ({Much weaker is} 11. Qh5 g6 12. Qe2 Bxe5 13. Qxe5 f6 $17) 11... Nf6 {[#]} 12. Ne3 $146 ({Predecessor:} 12. Qf3 Nxd5 13. Qxd5 Re8 14. Re4 Bf8 15. b3 c6 16. Qd4 Rxe4 17. Qxe4 g6 18. Bb2 {½-½ (94) Kosakowski,J (2389)-Nowak,M (2254) Szklarska Poreba 2019}) 12... Re8 13. Nc4 Bf8 14. b3 d5 15. Ne5 g6 16. Bb2 Bg7 {[%cal Of6g4]} 17. f4 Qd6 18. Qf3 b6 19. Re2 Bb7 20. Rae1 Ne4 21. Bxe4 dxe4 22. Qf2 Rad8 23. Nc4 Qd7 24. Bxg7 Kxg7 25. d3 exd3 26. Rxe8 Rxe8 27. Ne5 d2 28. Rd1 Qf5 29. Qxd2 Re7 30. Nd3 Qd5 31. Qf2 h5 (31... Re4 $5 {[%cal Re4f4]}) 32. Re1 Rxe1+ (32... Re4 {is interesting.} 33. Rxe4 Qxe4 34. Qd2 Kf6 35. Ne5 Qd5) 33. Nxe1 {The position is equal.} Qe4 34. Qd2 c5 35. Kf2 Qf5 36. Nf3 Bxf3 37. Kxf3 $11 {[%mdl 4096] Endgame KQ-KQ} g5 38. g3 {[%cal Bg2g3,Bg3g4][%mdl 32]} h4 39. g4 Qf6 40. f5 Qc6+ 41. Kf2 f6 42. Qe2 Qd6 {Prevents Qe7+.} 43. Ke1 Kf8 44. Qg2 Qe5+ 45. Kd2 Qf4+ 46. Ke2 Qe5+ 47. Kd2 {Weighted Error Value: White=0.04 (flawless) /Black=0.04 (flawless)} 1/2-1/2

[Event "4NCL 2021-22"]
[Site "England"]
[Date "2022.02.13"]
[Round "4.13"]
[White "Golding, Alex"]
[Black "Griffiths, Ryan Rhys"]
[Result "1/2-1/2"]
[WhiteElo "2331"]
[BlackElo "2352"]
[Annotator "ChessBase"]
[PlyCount "202"]
[EventDate "2021.11.27"]
[EventType "team-tourn"]
[EventCountry "ENG"]
[SourceTitle "playchess.com"]
[Source "ChessBase"]
[SourceQuality "1"]
[TimeControl "40/6000+30:3000+30"]

1. e4 {[%emt 0:00:01]} c5 {[%emt 0:03:38]} 2. Nf3 {[%emt 0:00:05]} d6 {[%emt 0:00:05]} 3. d4 {[%emt 0:00:02]} cxd4 {[%emt 0:00:05]} 4. Nxd4 {[%emt 0:00:01]} Nf6 {[%emt 0:00:01]} 5. Nc3 {[%emt 0:00:07]} a6 {[%emt 0:00:05]} 6. Bc4 {[%emt 0:00:14]} b5 {[%emt 0:00:09]} 7. Bb3 {[%emt 0:01:31]} e6 {[%emt 0:00:07]} 8. a3 {[%emt 0:01:49]} Bb7 {[%emt 0:01:52]} 9. O-O {[%emt 0:01:30]} Nbd7 {[%emt 0:01:18]} 10. Re1 {[%emt 0:24:05]} Nc5 {[%emt 0:03:31]} 11. Bd5 {[%emt 0:03:51]} Qc7 {[%emt 0:06:13]} 12. Bxb7 {[%emt 0:00:14]} Qxb7 {[%emt 0:00:28]} 13. Qe2 {[%emt 0:03:35]} Be7 {[%emt 0:00:27]} 14. b4 {[%emt 0:01:31]} Ncd7 {[%emt 0:00:23]} 15. a4 {[%emt 0:00:04]} bxa4 {[%emt 0:00:46]} 16. Nxa4 {[%emt 0:00:32]} O-O {[%emt 0:38:37]} 17. c4 {[%emt 0:01:51]} Rfc8 {[%emt 0:01:59]} 18. Bd2 {[%emt 0:03:25]} Ne5 {[%emt 0:04:18]} 19. Nb2 {[%emt 0:03:36]} Bd8 {[%emt 0:16:54]} 20. Nf3 {[%emt 0:04:07]} Nxf3+ {[%emt 0:01:08]} 21. Qxf3 {[%emt 0:00:25]} Nd7 {[%emt 0:00:56]} 22. Bc3 {[%emt 0:00:14]} Bf6 {[%emt 0:01:09]} 23. Bxf6 {[%emt 0:00:18]} Nxf6 {[%emt 0:00:18]} 24. e5 {[%emt 0:01:03]} Qxf3 {[%emt 0:01:01]} 25. gxf3 {[%emt 0:00:04]} dxe5 {[%emt 0:00:06]} 26. Rxe5 {[%emt 0:00:18]} Rab8 {[%emt 0:02:21]} 27. Ra4 {[%emt 0:00:08]} Nd7 {[%emt 0:01:36]} 28. Rea5 {[%emt 0:00:31]} Nb6 {[%emt 0:03:45]} 29. Ra2 {[%emt 0:02:22]} Nxc4 {[%emt 0:00:36]} 30. Rxa6 {[%emt 0:00:26]} Ne5 {[%emt 0:04:14]} 31. f4 {[%emt 0:04:14]} Nc6 {[%emt 0:00:57]} 32. Nd3 {[%emt 0:00:05]} Nxb4 {[%emt 0:00:44]} 33. Nxb4 {[%emt 0:00:03]} Rxb4 {[%emt 0:00:08]} 34. Ra8 {[%emt 0:00:20]} Rf8 {[%emt 0:03:25]} 35. R2a4 {[%emt 0:00:08]} Rxa4 {[%emt 0:00:30]} 36. Rxa4 {[%emt 0:00:04]} g6 {[%emt 0:01:35]} 37. Kg2 {[%emt 0:00:22]} Kg7 {[%emt 0:00:26]} 38. Kg3 {[%emt 0:00:06]} Rd8 {[%emt 0:00:16]} 39. Ra3 {[%emt 0:00:06]} Rd1 {[%emt 0:00:26]} 40. h3 {[%emt 0:03:08]} Kf6 {[%emt 0:02:35]} 41. Ra7 {[%emt 0:50:07]} h6 {[%emt 0:50:33]} 42. Rb7 {[%emt 0:01:56]} Rd3+ {[%emt 0:04:08]} 43. f3 {[%emt 0:01:27]} g5 {[%emt 0:01:17]} 44. fxg5+ {[%emt 0:00:04]} hxg5 {[%emt 0:00:09]} 45. Rb4 {[%emt 0:00:02]} e5 {[%emt 0:01:54]} 46. h4 {[%emt 0:00:19]} gxh4+ {[%emt 0:01:04]} 47. Rxh4 {[%emt 0:00:05]} Kf5 {[%emt 0:00:25]} 48. Rh5+ {[%emt 0:00:04]} Ke6 {[%emt 0:00:08]} 49. Kf2 {[%emt 0:00:13]} f5 {[%emt 0:01:22]} 50. Rh8 {[%emt 0:00:06]} f4 {[%emt 0:01:02]} 51. Re8+ {[%emt 0:00:05]} Kf6 {[%emt 0:00:30]} 52. Rf8+ {[%emt 0:00:04]} Ke7 {[%emt 0:00:19]} 53. Ra8 {[%emt 0:00:07]} Rd2+ {[%emt 0:03:17]} 54. Ke1 {[%emt 0:00:05]} Rd8 {[%emt 0:01:22]} 55. Ra6 {[%emt 0:00:04]} Rd6 {[%emt 0:00:06]} 56. Ra8 {[%emt 0:00:03]} Ke6 {[%emt 0:00:17]} 57. Ke2 {[%emt 0:00:05]} Rb6 {[%emt 0:00:13]} 58. Re8+ {[%emt 0:00:04]} Kd5 {[%emt 0:00:24]} 59. Rd8+ {[%emt 0:00:04]} Kc4 {[%emt 0:00:56]} 60. Rc8+ {[%emt 0:00:05]} Kd4 {[%emt 0:00:09]} 61. Rd8+ {[%emt 0:00:04]} Kc5 {[%emt 0:00:07]} 62. Rc8+ {[%emt 0:00:16]} Rc6 {[%emt 0:00:20]} 63. Re8 {[%emt 0:00:14]} Kd5 {[%emt 0:00:12]} 64. Rd8+ {[%emt 0:00:05]} Rd6 {[%emt 0:00:05]} 65. Ra8 {[%emt 0:00:04]} Ke6 {[%emt 0:01:31]} 66. Re8+ {[%emt 0:00:03]} Kf6 {[%emt 0:00:08]} 67. Rf8+ {[%emt 0:00:04]} Ke7 {[%emt 0:00:07]} 68. Ra8 {[%emt 0:00:08]} Rb6 {[%emt 0:00:14]} 69. Kf2 {[%emt 0:01:32]} Rb2+ {[%emt 0:00:21]} 70. Kf1 {[%emt 0:00:18]} Ke6 {[%emt 0:00:31]} 71. Ra5 {[%emt 0:00:23]} Kf5 {[%emt 0:01:31]} 72. Rc5 {[%emt 0:00:35]} Ra2 {[%emt 0:00:31]} 73. Rb5 {[%emt 0:00:05]} Ke6 {[%emt 0:00:52]} 74. Rb8 {[%emt 0:00:16]} Kd5 {[%emt 0:00:40]} 75. Rd8+ {[%emt 0:00:21]} Kc4 {[%emt 0:00:07]} 76. Rd7 {[%emt 0:01:07]} Ra1+ {[%emt 0:00:42]} 77. Ke2 {[%emt 0:00:19]} Ra2+ {[%emt 0:00:06]} 78. Kf1 {[%emt 0:00:04]} Ra3 {[%emt 0:01:55]} 79. Ke2 {[%emt 0:00:10]} Ra2+ {[%emt 0:00:14]} 80. Kf1 {[%emt 0:00:04]} Ra5 {[%emt 0:00:03]} 81. Ke2 {[%emt 0:00:07]} Rd5 {[%emt 0:00:27]} 82. Ra7 {[%emt 0:00:05]} Rb5 {[%emt 0:00:13]} 83. Rc7+ {[%emt 0:00:05]} Rc5 {[%emt 0:00:31]} 84. Rd7 {[%emt 0:00:05]} Rb5 {[%emt 0:00:19]} 85. Rc7+ {[%emt 0:00:04]} Kd5 {[%emt 0:00:05]} 86. Rd7+ {[%emt 0:00:07]} Ke6 {[%emt 0:00:06]} 87. Rd8 {[%emt 0:00:05]} Rb3 {[%emt 0:00:12]} 88. Re8+ {[%emt 0:00:11]} Kf6 {[%emt 0:00:05]} 89. Rf8+ {[%emt 0:00:04]} Ke7 {[%emt 0:00:05]} 90. Ra8 {[%emt 0:00:03]} Re3+ {[%emt 0:00:06]} 91. Kf2 {[%emt 0:00:04]} Ke6 {[%emt 0:00:08]} 92. Re8+ {[%emt 0:00:04]} Kd5 {[%emt 0:00:23]} 93. Rd8+ {[%emt 0:00:04]} Kc4 {[%emt 0:00:06]} 94. Rc8+ {[%emt 0:00:03]} Kd3 {[%emt 0:00:11]} 95. Rd8+ {[%emt 0:00:03]} Kc2 {[%emt 0:00:07]} 96. Rc8+ {[%emt 0:00:27]} Rc3 {[%emt 0:00:11]} 97. Rd8 {[%emt 0:00:09]} Rd3 {[%emt 0:00:08]} 98. Rc8+ {[%emt 0:00:05]} Kd2 {[%emt 0:00:05]} 99. Rc5 {[%emt 0:00:27]} Re3 {[%emt 0:00:10]} 100. Rd5+ {[%emt 0:00:04]} Kc3 {[%emt 0:00:07]} 101. Rd8 {[%emt 0:00:05]} e4 {[%emt 0:01:03]} 1/2-1/2

[Event "4NCL 2021-22"]
[Site "England"]
[Date "2022.02.13"]
[Round "4.14"]
[White "French, Max"]
[Black "Grieve, Harry"]
[Result "1/2-1/2"]
[WhiteElo "2246"]
[BlackElo "2384"]
[Annotator "TA"]
[PlyCount "119"]
[EventDate "2021.11.27"]
[EventType "team-tourn"]
[EventCountry "ENG"]
[SourceTitle "playchess.com"]
[Source "ChessBase"]
[SourceQuality "1"]

{[%evp 23,119,19,20,15,12,14,16,0,16,14,22,0,6,0,0,0,22,17,16,16,64,17,24,0,20,2,26,38,49,56,85,85,81,30,40,0,92,0,34,0,161,104,164,138,138,131,148,112,131,134,168,0,0,0,126,126,145,8,27,0,182,131,131,117,163,151,185,114,246,102,208,214,197,159,156,164,174,177,207,210,206,45,47,41,41,0,0,0,0,0,0,0,0,0,0,0,0,0]} 1. d4 f5 2. g3 Nf6 3. Bg2 g6 4. c4 Bg7 5. b3 O-O 6. Bb2 d6 7. Nf3 Ne4 8. O-O Nc6 9. Nc3 Nxc3 10. Bxc3 e5 11. dxe5 dxe5 12. Qd5+ Kh8 $1 13. Qxd8 {A89: Dutch Defence: Leningrad System: 5 Nf3 0-0 6 0-0 d6 7 Nc3 Nc6.} Rxd8 14. Ng5 Re8 15. Bd5 {[#]} Bf6 $146 ({Predecessor:} 15... h6 16. Bxc6 bxc6 17. Nf3 c5 18. Rad1 e4 19. Bxg7+ Kxg7 20. Ne1 Be6 21. Nc2 a5 {0-1 (38) Oberrauch,M-Galyas,M (2245) Herculane 1994}) 16. Bxc6 bxc6 17. f4 {aiming for Bxe5.} Kg7 18. e3 a5 19. Nf3 {[%cal Rc3e5]} exf4 20. Bxf6+ Kxf6 21. exf4 c5 (21... a4 $11 {feels stronger.}) 22. Ne5 (22. Rae1 $14 Re6 23. Rxe6+ (23. Ne5 a4 $11) 23... Bxe6 24. Re1) 22... a4 $11 23. Rfd1 Be6 24. Rab1 axb3 25. axb3 Ra3 26. Nd3 Ra2 27. Ra1 $1 (27. Nxc5 Bxc4 28. Nd7+ (28. bxc4 Ree2 $11) 28... Kg7 $11) 27... Rc2 28. Rac1 (28. Re1 $16) 28... Ra2 $1 (28... Rxc1 29. Rxc1 Ra8 30. Re1 $16 (30. Nxc5 Ra5 $16)) 29. Ra1 (29. Rb1 $14) 29... Rc2 $1 $16 30. Rac1 (30. Nxc5 $16 {Re1 is the strong threat.} Bc8 31. Nd7+ Bxd7 32. Rxd7) 30... Ra2 $1 $14 (30... Rxc1 31. Rxc1 Ra8 32. Re1 $16 (32. Nxc5 Ra5 $16)) 31. Nxc5 Bf7 $2 (31... Bxc4 $11 32. Nd7+ (32. bxc4 Ree2 $11) 32... Kg7) 32. Nd7+ (32. Ra1 $1 $18 {[%cal Ra1a2]} Rb2 33. Nd7+ (33. Rd7 Ree2 $11) 33... Kg7 34. Ne5) 32... Kg7 (32... Ke7 $16) 33. Ne5 $36 {[%mdl 2048] Threatens to win with Rd7. Keeping Black busy.} Be6 {Inhibits Rd7+.} 34. Ra1 Rb2 35. Rd3 Kf6 36. Ra6 g5 37. Nd7+ $2 (37. Re3 $18) 37... Kg7 $11 {[%cal Oe6c4]} 38. Ne5 ({Wrong is} 38. fxg5 $2 Bxc4 $1 {[%mdl 512]} 39. Ne5 Bxa6 $19) 38... gxf4 (38... Kf6 $1 $11 {remains equal.}) 39. gxf4 $16 Kf6 40. Nd7+ ({White should play} 40. Re3 $16) 40... Kf7 $1 $11 {[%cal Oe6c4]} 41. Ne5+ (41. Kf1 $5 {[%cal Rd7e5]}) 41... Ke7 $2 (41... Kf6 $1 $11 {and Black has nothing to worry.}) 42. Nc6+ (42. Kf1 $18) 42... Kf8 {[%cal Oe6c4] And now ...Bxc4! would win.} 43. Re3 Kf7 (43... Bf7 $16 44. Rxe8+ (44. Ne5 Rd8 $16) 44... Bxe8) 44. Ne5+ Kg7 {[%cal Oe8d8]} 45. Ra7 (45. Rc6 $1 $18 {[%cal Rc6c7]}) 45... Kf6 (45... Rc8 $16 46. Kh1 Kh8) 46. Nf3 (46. Rxc7 $18 Rg8+ 47. Kf1) 46... Rc8 (46... Rg8+ $2 47. Ng5 Bd7 48. Rh3 $18 (48. Rxc7 h6 $16)) (46... Rd8 $16) 47. Ra6 $1 $18 c6 48. Nd4 {Chess con chili.} Bd7 49. Re2 $1 {White is more active.} Rxe2 50. Nxe2 {[%mdl 4096] Endgame KRB-KRN} Ke7 51. Ra7 c5 {[#]} 52. Nc3 $2 ({Better is} 52. Nc1 $1 $18) 52... Rb8 $14 53. Na4 Kd6 {[#]} 54. Ra6+ (54. Nxc5 $1 $14 {is more appropriate.} Kxc5 55. Rxd7) 54... Bc6 $11 {The position is equal.} 55. Nc3 Rxb3 56. Nb5+ Kd7 57. Ra7+ Ke6 58. Ra6 Kd7 59. Ra7+ Ke6 60. Ra6 {White really could win this.  Weighted Error Value: White=0.32/Black=0.24 (precise)} 1/2-1/2

[Event "4NCL 2021-22"]
[Site "England"]
[Date "2022.02.13"]
[Round "4.15"]
[White "Povah, Nigel E"]
[Black "Sowray, Peter J"]
[Result "0-1"]
[WhiteElo "2245"]
[BlackElo "2226"]
[Annotator "NA"]
[PlyCount "48"]
[EventDate "2021.11.27"]
[EventType "team-tourn"]
[EventCountry "ENG"]
[SourceTitle "playchess.com"]
[Source "ChessBase"]
[SourceQuality "1"]
[TimeControl "40/6000+30:3000+30"]

1. d4 {[%emt 0:00:04]} d5 {[%emt 0:00:14]} 2. Bf4 {[%emt 0:00:09]} c5 {[%emt 0:00:35]} 3. e3 {[%emt 0:00:12]} Nc6 {[%emt 0:01:09]} 4. c3 {[%emt 0:00:41]} Bf5 {[%emt 0:02:43]} 5. Nd2 {[%emt 0:07:09]} e6 {[%emt 0:01:38]} 6. Ngf3 {[%emt 0:09:33]} Qb6 {[%emt 0:03:35]} 7. Nh4 {[%emt 0:07:29]} Be4 {[%emt 0:07:49]} 8. f3 {[%emt 0:01:10]} Bg6 {[%emt 0:00:22]} 9. Nxg6 {[%emt 0:00:38]} hxg6 {[%emt 0:00:04]} 10. Qb3 {[%emt 0:01:53]} Nf6 {[%emt 0:09:23]} 11. h3 {[%emt 0:04:31]} Be7 {[%emt 0:03:53]} 12. Bb5 {[%emt 0:14:49]} O-O {[%emt 0:05:02]} 13. O-O {[%emt 0:05:22]} c4 {[%emt 0:12:38]} 14. Qa4 {[%emt 0:00:24]} e5 {[%emt 0:00:15]} 15. Bg5 {[%emt 0:11:32]} exd4 {[%emt 0:01:49]} 16. exd4 {[%emt 0:00:32]} Ne5 {[%emt 0:04:06]} 17. Kh1 {[%emt 0:15:22]} Nd3 {[%emt 0:00:20]} 18. Rab1 {[%emt 0:03:00]} Qc7 {[%emt 0:09:50]} 19. Qd1 {[%emt 0:02:59]} a6 {[%emt 0:05:04]} 20. Ba4 {[%emt 0:01:26]} Nh5 {[%emt 0:00:42]} 21. Be3 {[%emt 0:05:31]} Qg3 {[%emt 0:02:57]} 22. Rg1 {[%emt 0:05:11]} Bd6 {[%emt 0:00:52]} 23. Nf1 {[%emt 0:00:15]} Qh2+ {[%emt 0:00:12]} 24. Nxh2 {[%emt 0:00:05]} Ng3# {[%emt 0:00:47]} 0-1